Marvel Heroes by Real Name #7 - Statistics

General Stats
  • This quiz has been taken 15 times
  • The average score is 10 of 25
Answer Stats
Name Answer % Correct
T'Challa Black Panther
100%
Eugene "Flash" Thompson Agent Venom
85%
Reed Richards Mr. Fantastic
85%
Emma Frost White Queen
77%
Maria Hill Maria Hill
69%
Skaar Skaar
62%
Namorita Prentiss Namorita
54%
Daisy Johnson Quake
54%
Triton Triton
54%
Jacques Duquesne Swordsman
46%
Alison Blaire Dazzler
38%
Robert "Bob" Reynolds Sentry
38%
Yao Ancient One
31%
Sharon Ventura She-Thing
31%
Katherine "Katie" Power Energizer
23%
N'Kantu Living Mummy
23%
M-11 Human Robot
15%
Toni Ho Iron Patriot
15%
Peter Parquah Spider-Man 1602
15%
James Wa Calamity
8%
Sihing Dog Brother
8%
Jonathan Raven Killraven
8%
Rebecca "Rikki" Barnes Nomad
8%
Laura Dean Pathway
8%
William Talltrees Red Wolf
8%
No matching quizzes found
Score Distribution
Percent of People with Each Score
Percentile by Number Answered
Your Score History
You have not taken this quiz